| 000 | 00668nam a22001937a 4500 | ||
|---|---|---|---|
| 999 |
_c182856 _d182856 |
||
| 005 | 20211208122848.0 | ||
| 010 | _aUR-11357 | ||
| 020 |
_c400.00 _a9789390789702 |
||
| 035 | _aU-9912 | ||
| 037 | _bDBAD/PUB | ||
| 082 | _a841 | ||
| 100 | _aمتر جم :ا ما ن ا للہ ا يم بی | ||
| 245 |
_aگنجينہء حکمت _cمتر جم :ا ما ن ا للہ ا يم بی |
||
| 246 |
_aGanjina-e-Hikmath (Urdu) _bTranslated by Amanullah M.B. |
||
| 260 |
_aN.Delhi _c2021 ء _bEducational Publishing House |
||
| 270 |
_aD1/16,Ansari Road,Darya Ganj, _bNew Delhi _e110002 _l - |
||
| 300 |
_a284 ص _c22 Cm(Hb) |
||
| 942 |
_2ddc _cUR _h841 _mا م ا |
||